[Event "12. Longericher Sommer-Open A"]
[Site "Köln"]
[Date "2015.08.02"]
[Round "5.3"]
[White "Khanukov, Boris"]
[Black "Pislaru, Adrian"]
[Result "1-0"]
[WhiteElo "2322"]
[BlackElo "1721"]
[PlyCount "53"]
[EventDate "2015.??.??"]
[WhiteTeam "Bahn-SC Wuppertal"]
[BlackTeam "SG Porz"]

1. Nf3 Nf6 2. g3 c5 3. c4 Nc6 4. Bg2 d6 5. d4 cxd4 6. Nxd4 Bd7 7. Nc3 g6 8. O-O
Bg7 9. b3 O-O 10. Nc2 a6 11. Bb2 Qa5 12. Nd5 Nxd5 13. Bxg7 Kxg7 14. Qxd5 Qxd5
15. Bxd5 b5 16. Rfd1 bxc4 17. Bxc4 Na5 18. Bd5 Bc6 19. Nb4 Bb7 20. Rac1 Rfb8
21. Rc7 Bxd5 22. Nxd5 Rb7 23. Rc2 Rbb8 24. Nxe7 Re8 25. Nd5 Re5 26. Nc7 Rc8 27.
Ne6+ 1-0

[Event "12. Longericher Sommer-Open A"]
[Site "Köln"]
[Date "2015.08.02"]
[Round "5.4"]
[White "Lambertz, Michael"]
[Black "Liedmann, Dennis"]
[Result "0-1"]
[WhiteElo "1999"]
[BlackElo "2085"]
[PlyCount "110"]
[EventDate "2015.??.??"]
[WhiteTeam "SF Esch"]
[BlackTeam "SF Gerresheim"]

1. e4 d5 2. exd5 Qxd5 3. Nc3 Qd6 4. Bc4 Nf6 5. d4 a6 6. a4 Qc6 7. Be2 Qxg2 8.
Bf3 Qg6 9. Nge2 e6 10. Rg1 Qf5 11. Bf4 Qa5 12. Rg5 c5 13. b4 Qxb4 14. Rb1 Qc4
15. dxc5 h6 16. Rg3 Qxc5 17. Bxb7 Bxb7 18. Rxb7 Qc8 19. Rc7 Qd8 20. Qxd8+ Kxd8
21. Rxf7 Nbd7 22. Nd4 Ke8 23. Rxf8+ Kxf8 24. Nxe6+ Kf7 25. Nxg7 Rac8 26. Nf5
Nh5 27. Nd6+ Kf6 28. Nce4+ Ke6 29. Rg6+ Kd5 30. Bxh6 Ne5 31. Rg5 Rxh6 32. Nxc8
Kxe4 33. Nd6+ Rxd6 34. Rxh5 Nf3+ 35. Kf1 Rd1+ 36. Kg2 Rg1+ 37. Kh3 Kf4 38. Rh8
Ng5+ 39. Kh4 Nf7 40. Rf8 Rg7 41. Kh5 Rg5+ 42. Kh4 Rf5 43. Rc8 Ne5 44. Rb8 a5
45. Rc8 Kf3 46. Rg8 Kxf2 47. c4 Nf3+ 48. Kg4 Rc5 49. Rf8 Rxc4+ 50. Rf4 Rb4 51.
h4 Ke3 52. Rxb4 axb4 53. a5 b3 54. a6 Ne5+ 55. Kf5 Nc6 0-1

[Event "12. Longericher Sommer-Open A"]
[Site "Köln"]
[Date "2015.08.02"]
[Round "5.5"]
[White "Liebsch, Felix"]
[Black "Köllner, Christof"]
[Result "0-1"]
[WhiteElo "1841"]
[BlackElo "2011"]
[PlyCount "40"]
[EventDate "2015.??.??"]
[WhiteTeam "SC Bayer Leverkusen"]
[BlackTeam "SV Bergneustadt/Derschlag"]

1. e4 d6 2. d4 Nf6 3. Nc3 e5 4. dxe5 dxe5 5. Qxd8+ Kxd8 6. Bg5 Be6 7. O-O-O+
Kc8 8. f3 Nbd7 9. Nh3 c6 10. Nf2 Bb4 11. Bd2 Ba5 12. Nd3 b5 13. g3 Kb7 14. Bg2
Bc4 15. f4 Bxd3 16. cxd3 Ng4 17. Be1 b4 18. Na4 Ne3 19. Rd2 b3 20. Nc3 bxa2 0-1

[Event "12. Longericher Sommer-Open A"]
[Site "Köln"]
[Date "2015.08.02"]
[Round "5.6"]
[White "Berkle, Pascal"]
[Black "Rotstein, Jefim"]
[Result "0-1"]
[WhiteElo "1857"]
[BlackElo "2320"]
[PlyCount "74"]
[EventDate "2015.??.??"]
[WhiteTeam "SV Erftstadt"]
[BlackTeam "SC Tornado Hochneukirch"]

1. d4 f5 2. Nc3 Nf6 3. g3 d5 4. Bg2 e6 5. Nh3 c5 6. Bf4 cxd4 7. Qxd4 Nc6 8. Qa4
Bd7 9. Rd1 a6 10. Bg5 Bb4 11. O-O b5 12. Qb3 Be7 13. Bxf6 Bxf6 14. Nxd5 exd5
15. Bxd5 Qc7 16. Bf7+ Kf8 17. Nf4 Nd8 18. Nd5 Qb7 19. Nb6 Bc6 20. Nxa8 Nxf7 21.
Qb4+ Be7 22. Qf4 Qxa8 23. Qxf5 g6 24. Qe6 Ng5 25. Qg4 h5 26. Qf4+ Kg7 27. Qe5+
Bf6 28. Qc7+ Nf7 29. c3 h4 30. Rd3 Be5 31. Qe7 Qc8 32. e4 Bf6 33. Qa7 Qh3 34.
Qe3 hxg3 35. Qxg3 Qe6 36. Re3 Be5 37. f4 Bc7 0-1

[Event "12. Longericher Sommer-Open A"]
[Site "Köln"]
[Date "2015.08.02"]
[Round "5.7"]
[White "Lenhardt, Manfred"]
[Black "Tochtenhagen, Wolfgang"]
[Result "1/2-1/2"]
[WhiteElo "2102"]
[BlackElo "2091"]
[PlyCount "27"]
[EventDate "2015.??.??"]
[WhiteTeam "SC Weisse Dame (Berlin)"]
[BlackTeam "DJK Aufwärts Aachen"]

1. d4 g6 2. Nf3 Bg7 3. c3 d6 4. Bf4 Nd7 5. e3 e5 6. Bg3 Qe7 7. Be2 Ngf6 8. dxe5
dxe5 9. Nbd2 O-O 10. O-O b6 11. a4 a5 12. Nc4 e4 13. Nd4 Ne8 14. Nb5 1/2-1/2

[Event "12. Longericher Sommer-Open A"]
[Site "Köln"]
[Date "2015.08.02"]
[Round "5.8"]
[White "Statz, Samuel"]
[Black "Lindam, Ingo"]
[Result "1/2-1/2"]
[WhiteElo "1957"]
[BlackElo "2053"]
[PlyCount "29"]
[EventDate "2015.??.??"]
[WhiteTeam "SV Erftstadt"]
[BlackTeam "Kölner SK Dr. Lasker"]

1. e4 c5 2. c3 Nf6 3. e5 Nd5 4. d4 e6 5. Nf3 cxd4 6. cxd4 d6 7. Bc4 Be7 8. O-O
Nb6 9. Bb3 Nc6 10. Nc3 dxe5 11. dxe5 Qxd1 12. Rxd1 O-O 13. Be3 Nd7 14. Bd4 Nxd4
15. Rxd4 1/2-1/2

[Event "12. Longericher Sommer-Open A"]
[Site "Köln"]
[Date "2015.08.02"]
[Round "5.9"]
[White "Suvorov, Alexander"]
[Black "Schwark, Mario"]
[Result "1/2-1/2"]
[WhiteElo "1940"]
[BlackElo "1958"]
[PlyCount "90"]
[EventDate "2015.??.??"]
[WhiteTeam "SG Porz"]
[BlackTeam "SG Kalker/Deutzer"]

1. d4 e6 2. c4 Bb4+ 3. Bd2 a5 4. Nf3 d5 5. a3 Be7 6. Nc3 Nf6 7. Bg5 Ne4 8. Nxe4
dxe4 9. Bxe7 Qxe7 10. Nd2 f5 11. e3 O-O 12. Be2 c5 13. dxc5 Nd7 14. b4 Qf6 15.
Rb1 Ne5 16. Qc2 Qg5 17. O-O Rf6 18. Qc3 Rg6 19. g3 Nf7 20. f4 Qh4 21. Kg2 e5
22. bxa5 Bd7 23. Rxb7 Qd8 24. Bh5 exf4 25. Rxf4 Rf6 26. Bxf7+ Rxf7 27. c6 Bc8
28. Rxf7 Kxf7 29. Nxe4 g5 30. Rf2 Kg6 31. Nd2 Qe8 32. Nb3 Qxc6+ 33. Kf1 Be6 34.
Nd2 Rc8 35. Qd4 Qa6 36. g4 Bxc4+ 37. Nxc4 Rxc4 38. gxf5+ Kh5 39. Qd1+ Rg4+ 40.
Qe2 Qb7 41. Rg2 Qb1+ 42. Kf2 Qxf5+ 43. Kg1 Qb1+ 44. Kf2 Qf5+ 45. Ke1 Qb1+
1/2-1/2

[Event "12. Longericher Sommer-Open A"]
[Site "Köln"]
[Date "2015.08.02"]
[Round "5.10"]
[White "Evers, Leo"]
[Black "Hertling, Jürgen"]
[Result "1/2-1/2"]
[WhiteElo "2085"]
[BlackElo "1890"]
[PlyCount "117"]
[EventDate "2015.??.??"]
[WhiteTeam "SG Porz"]
[BlackTeam "SF Köln-Mülheim"]

1. d4 Nf6 2. c4 g6 3. Nc3 d5 4. cxd5 Nxd5 5. Bd2 Bg7 6. e4 Nxc3 7. Bxc3 O-O 8.
Be2 e6 9. h4 c5 10. d5 exd5 11. exd5 Re8 12. Nf3 Bg4 13. Kf1 Nd7 14. Qd2 Nf6
15. Bxf6 Qxf6 16. Rd1 a6 17. b3 Rad8 18. Ng1 Bf5 19. Bf3 Re7 20. g3 Red7 21.
Qc1 h5 22. Kg2 Qd6 23. Ne2 Bg4 24. Bxg4 hxg4 25. Rhe1 Kh7 26. h5 Bh6 27. hxg6+
Qxg6 28. Nf4 Qf5 29. Rh1 Rd6 30. Ne6 Qe4+ 31. Kg1 Qxh1+ 32. Kxh1 Bxc1 33. Nxd8
Rxd8 34. Rxc1 Rxd5 35. Kg2 b5 36. Rc2 f5 37. Re2 c4 38. Re7+ Kg8 39. bxc4 bxc4
40. Rc7 Ra5 41. Rxc4 Kf7 42. a4 Ke6 43. Kf1 Kd5 44. Rf4 Kc6 45. Ke2 Rd5 46.
Rc4+ Rc5 47. Rf4 Rd5 48. Rc4+ Rc5 49. Kd3 Rxc4 50. Kxc4 a5 51. Kd4 Kd6 52. Ke3
Ke5 53. f3 gxf3 54. Kxf3 Kf6 55. Kf4 Ke6 56. Kg5 Ke5 57. Kg6 f4 58. gxf4+ Kxf4
59. Kh5 1/2-1/2

[Event "12. Longericher Sommer-Open A"]
[Site "Köln"]
[Date "2015.08.02"]
[Round "5.11"]
[White "Stier, Artem"]
[Black "Andrijenko, Anatoliy"]
[Result "1-0"]
[WhiteElo "2052"]
[BlackElo "1902"]
[Annotator "Schlösser,Fritz"]
[PlyCount "117"]
[EventDate "2015.??.??"]
[WhiteTeam "Godesberger SK"]
[BlackTeam "SF Köln-Longerich"]

1. d4 g6 2. Nf3 Bg7 3. c4 e6 4. Nc3 Nf6 5. Bg5 h6 6. Bh4 g5 7. Bg3 d6 8. e3 Nh5
9. Qc2 Nd7 10. O-O-O Qe7 11. Nb5 Ndf6 12. c5 Nxg3 13. hxg3 O-O 14. Kb1 Bd7 15.
e4 a6 16. Na3 b5 17. e5 Ng4 18. Rd2 dxc5 19. dxc5 Bc6 20. Bd3 f5 21. exf6 Qxf6
22. Re1 Bd5 23. Be4 Rad8 24. Bxd5 Rxd5 25. Rde2 Rfd8 26. Ka1 Qf5 27. Rc1 Qxc2
28. Rexc2 c6 29. Nb1 Rd1 30. Rxd1 Rxd1 31. a4 e5 32. axb5 axb5 33. Ka2 Rf1 34.
Rd2 Bf8 35. b4 e4 36. Nd4 Ne5 37. Rc2 Bg7 38. Nf5 Nd3 39. Ne7+ Kf7 40. Nxc6
Rxf2 41. Rxf2+ Nxf2 42. Kb3 Nd3 43. Nc3 e3 44. Ne2 Ne1 45. Na7 Nxg2 46. c6 Be5
47. Nxb5 Ke7 48. Nbd4 Kd8 49. Kc4 h5 50. Ne6+ Kc8 51. Nxg5 h4 52. gxh4 Nxh4 53.
b5 Nf5 54. b6 Ng3 55. Kd5 Bb8 56. Ne6 Bc7 57. Nxc7 Nxe2 58. Na6 Nc3+ 59. Kc4
1-0

[Event "12. Longericher Sommer-Open A"]
[Site "Köln"]
[Date "2015.08.02"]
[Round "5.12"]
[White "Engel, Johann"]
[Black "Speck, Stefan"]
[Result "1/2-1/2"]
[WhiteElo "1784"]
[BlackElo "2041"]
[PlyCount "45"]
[EventDate "2015.??.??"]
[WhiteTeam "Brühler SK"]
[BlackTeam "SC Solingen 28"]

1. d4 c5 2. d5 Nf6 3. Nf3 e6 4. c4 b5 5. cxb5 Nxd5 6. e4 Nf6 7. e5 Nd5 8. Nc3
Bb7 9. Bc4 Nb6 10. Be2 Be7 11. O-O O-O 12. Be3 f6 13. Bd3 fxe5 14. Nxe5 d6 15.
Qh5 Rf5 16. Bxf5 exf5 17. Qf7+ Kh8 18. Rad1 N8d7 19. Nxd7 Qxd7 20. Bxc5 Rf8 21.
Qh5 f4 22. Bd4 Rf5 23. Qg4 1/2-1/2

[Event "12. Longericher Sommer-Open A"]
[Site "Köln"]
[Date "2015.08.02"]
[Round "5.13"]
[White "Rokitta, Uwe"]
[Black "Suvorov, Luca"]
[Result "0-1"]
[WhiteElo "1981"]
[BlackElo "1812"]
[PlyCount "70"]
[EventDate "2015.??.??"]
[WhiteTeam "SF Lohmar"]
[BlackTeam "SG Porz"]

1. d4 d5 2. Nf3 Nf6 3. e3 c5 4. b3 cxd4 5. exd4 Nc6 6. Be2 Bg4 7. Bb2 e6 8.
Nbd2 Bd6 9. Ne5 Bxe2 10. Qxe2 O-O 11. O-O Qc7 12. Ndf3 Ne4 13. c4 f6 14. cxd5
exd5 15. Qb5 Nb4 16. Rfc1 Qe7 17. Ng4 a6 18. Qf1 Rad8 19. a3 Nc6 20. Ne3 Bb8
21. b4 Qc7 22. g3 Qd7 23. Rc2 Rfe8 24. Qd3 g5 25. Kg2 h6 26. g4 Ne7 27. h3 Ng6
28. Kg1 Nf4 29. Qb3 Nxh3+ 30. Kf1 h5 31. gxh5 Nf4 32. Ng1 Nxh5 33. Ke1 Bf4 34.
Re2 Bxe3 35. Rxe3 Nf4 0-1

[Event "12. Longericher Sommer-Open A"]
[Site "Köln"]
[Date "2015.08.02"]
[Round "5.14"]
[White "Baltic, Fatih"]
[Black "Whitmire, James David"]
[Result "1/2-1/2"]
[WhiteElo "1843"]
[BlackElo "1940"]
[PlyCount "70"]
[EventDate "2015.??.??"]
[WhiteTeam "SG Porz"]
[BlackTeam "PTSVAachen"]

1. e4 e5 2. Nf3 Nc6 3. Bc4 Bc5 4. c3 Nf6 5. d3 a6 6. Bb3 d6 7. h3 h6 8. Nbd2
O-O 9. Nf1 d5 10. Qe2 Be6 11. Bc2 Qd7 12. Ng3 Rad8 13. Nh4 Rfe8 14. Ngf5 Bf8
15. g4 Ne7 16. Ng3 g5 17. Nhf5 Ng6 18. h4 Nf4 19. Bxf4 exf4 20. hxg5 fxg3 21.
gxf6 g2 22. Rg1 Qb5 23. O-O-O dxe4 24. Rxg2 exd3 25. Bxd3 Qc6 26. Ne7+ Bxe7 27.
fxe7 Rxd3 28. Qxd3 Qxg2 29. f3 f5 30. Qe3 Rxe7 31. Qxh6 Bd7 32. Qg5+ Kf8 33.
Qh6+ Kg8 34. Qg5+ Kf8 35. Qh6+ Kg8 1/2-1/2

[Event "12. Longericher Sommer-Open A"]
[Site "Köln"]
[Date "2015.08.02"]
[Round "5.15"]
[White "Kuhn, Andreas"]
[Black "Kemper, Horst"]
[Result "1-0"]
[WhiteElo "1938"]
[BlackElo "1782"]
[PlyCount "99"]
[EventDate "2015.??.??"]
[WhiteTeam "SG Niederkassel"]
[BlackTeam "SV Bayer Dormagen"]

1. Nf3 g6 2. d4 d5 3. c4 c6 4. cxd5 cxd5 5. Nc3 Nc6 6. g3 Bg7 7. Bg2 Nf6 8. Ne5
O-O 9. O-O e6 10. Nxc6 bxc6 11. Na4 Rb8 12. Bf4 Rb5 13. Rc1 Bb7 14. b3 Ba8 15.
Qd2 Ne4 16. Qe3 Re8 17. Bh6 Bh8 18. Rfd1 Nd6 19. Bf4 Nf5 20. Qc3 Qa5 21. e3 Qd8
22. Bf1 Ra5 23. Rc2 Rxa4 24. bxa4 g5 25. g4 gxf4 26. gxf5 Qg5+ 27. Kh1 Qxf5 28.
exf4 Bf6 29. Qg3+ Kh8 30. Bd3 Qh5 31. Be2 Qf5 32. Rcc1 Rg8 33. Qe3 Bg7 34. Bd3
Qh5 35. Rg1 f5 36. Rg5 Qf7 37. Rcg1 c5 38. h4 c4 39. Bc2 Bc6 40. h5 h6 41. Rg6
Bd7 42. Kg2 Bc8 43. Kf1 Qb7 44. Rxe6 Bxe6 45. Qxe6 Qb2 46. Qxf5 Qc1+ 47. Ke2
Re8+ 48. Kf3 Qa3+ 49. Kg2 Kg8 50. Qxd5+ 1-0

[Event "12. Longericher Sommer-Open A"]
[Site "Köln"]
[Date "2015.08.02"]
[Round "5.16"]
[White "Jörres, Till"]
[Black "Alexopoulos, Spiros Orestis"]
[Result "0-1"]
[WhiteElo "1767"]
[BlackElo "1929"]
[PlyCount "22"]
[EventDate "2015.??.??"]
[WhiteTeam "Aachener SV"]
[BlackTeam "Aachener SV"]

1. e4 d5 2. exd5 Nf6 3. c4 Bg4 4. Be2 Bxe2 5. Nxe2 e6 6. dxe6 fxe6 7. O-O Bd6
8. d4 Bxh2+ 9. Kxh2 Ng4+ 10. Kg1 Qh4 11. Ng3 Qh2# 0-1

[Event "12. Longericher Sommer-Open A"]
[Site "Köln"]
[Date "2015.08.02"]
[Round "5.18"]
[White "Gutt, Oswald"]
[Black "Sewald, Kathrin"]
[Result "1/2-1/2"]
[WhiteElo "2008"]
[BlackElo "1661"]
[PlyCount "72"]
[EventDate "2015.??.??"]
[WhiteTeam "Bergische SF"]
[BlackTeam "SG Porz"]

1. d4 c5 2. e3 d5 3. Nf3 Nc6 4. Nbd2 e6 5. c3 f5 6. Be2 Nf6 7. O-O Bd6 8. g3
O-O 9. c4 b6 10. b3 Bb7 11. Bb2 Bc7 12. dxc5 bxc5 13. cxd5 exd5 14. Rc1 Qe7 15.
Qc2 Nd7 16. a3 Rac8 17. Nh4 Qe6 18. Bd3 Ne7 19. Ndf3 h6 20. Qc3 Rf7 21. Rfe1
Rcf8 22. Nd4 Qf6 23. Nb5 Be5 24. Nd4 cxd4 25. exd4 Bd6 26. Qa5 f4 27. Rf1 a6
28. Qd2 Qg5 29. Nf3 Qh5 30. Ne5 Nxe5 31. dxe5 Bxe5 32. Bxe5 Qxe5 33. Rce1 Qd6
34. g4 Qd7 35. f3 Rf6 36. Qb4 Nc6 1/2-1/2

[Event "12. Longericher Sommer-Open A"]
[Site "Köln"]
[Date "2015.08.02"]
[Round "5.19"]
[White "Theißen, Frank"]
[Black "Esser, Thomas"]
[Result "0-1"]
[WhiteElo "1796"]
[BlackElo "2008"]
[PlyCount "36"]
[EventDate "2015.??.??"]
[WhiteTeam "TV Borken"]
[BlackTeam "PTSVAachen"]

1. e4 c5 2. Nc3 e6 3. g3 d5 4. exd5 exd5 5. d4 cxd4 6. Qxd4 Be6 7. Nf3 Nf6 8.
Bg5 Be7 9. Bb5+ Nc6 10. Bxf6 Bxf6 11. Qc5 Qb6 12. Qxb6 axb6 13. a4 O-O-O 14.
O-O-O Bg4 15. Be2 Bxc3 16. bxc3 Rhe8 17. Rhe1 Rxe2 18. Rxe2 Bxf3 0-1

[Event "12. Longericher Sommer-Open A"]
[Site "Köln"]
[Date "2015.08.02"]
[Round "5.20"]
[White "Hajek, Florian"]
[Black "Kossack, Philipp"]
[Result "0-1"]
[WhiteElo "1870"]
[BlackElo "1984"]
[PlyCount "127"]
[EventDate "2015.??.??"]
[WhiteTeam "Pulheimer SC"]
[BlackTeam "SG Porz"]

1. e4 c5 2. Nf3 d6 3. Bc4 Nf6 4. d3 e6 5. O-O Be7 6. e5 dxe5 7. Nxe5 O-O 8. Nc3
a6 9. a4 Qc7 10. Ng4 Nc6 11. Nxf6+ Bxf6 12. Ne4 Be7 13. Bd2 b6 14. f4 Bd7 15.
Bc3 Nd4 16. Bxd4 cxd4 17. Qd2 Bc6 18. Ng5 Qd7 19. Bb3 Bd5 20. Bxd5 Qxd5 21. Nf3
Rac8 22. Rfe1 Bf6 23. Ne5 Rc7 24. Nc4 b5 25. axb5 axb5 26. Ne5 Rfc8 27. Re2
Rxc2 28. Qxc2 Rxc2 29. Rxc2 g5 30. Ng4 Kg7 31. Nxf6 Kxf6 32. fxg5+ Kxg5 33. Rd1
Qb3 34. Rcd2 e5 35. Kf2 h5 36. Ke2 f5 37. Kf1 h4 38. h3 Qd5 39. Kg1 b4 40. Kf1
Kf6 41. Kf2 Qg8 42. Re2 Qb3 43. Red2 Ke6 44. Ke1 Qd5 45. Kf2 Kd6 46. Kf1 Kc5
47. Rc1+ Kb5 48. Rcd1 Ka4 49. Kf2 Kb3 50. Kf1 Ka2 51. b3+ Kxb3 52. Rb1+ Ka4 53.
Ra1+ Kb5 54. Rda2 Qd8 55. Ra8 Qc7 56. R8a7 Qb6 57. Ra8 b3 58. Rb1 Kc6 59. Ra3
b2 60. Ra2 Qb3 61. Raxb2 Qxd3+ 62. Kg1 Kc5 63. Rc1+ Kd5 64. Rb8 0-1

[Event "12. Longericher Sommer-Open A"]
[Site "Köln"]
[Date "2015.08.02"]
[Round "5.21"]
[White "Renner, Michael"]
[Black "Gelsok, Philipp"]
[Result "1/2-1/2"]
[WhiteElo "1885"]
[BlackElo "1871"]
[PlyCount "98"]
[EventDate "2015.??.??"]
[WhiteTeam "Fideler Bauer Leverkusen"]
[BlackTeam "Bergische SF"]

1. Nf3 c5 2. c4 Nf6 3. Nc3 b6 4. g3 Bb7 5. Bg2 e6 6. b3 d6 7. Bb2 a6 8. O-O Be7
9. e3 O-O 10. Qc2 Nbd7 11. d4 cxd4 12. exd4 d5 13. Rac1 Rc8 14. Qe2 dxc4 15.
bxc4 Re8 16. Rfd1 Qc7 17. Nd2 Bxg2 18. Kxg2 Bb4 19. f3 Qb7 20. Nce4 Bxd2 21.
Rxd2 Nxe4 22. Qxe4 Qc7 23. Rdc2 Nf6 24. Qd3 Qe7 25. Ba3 Qd7 26. Rd1 h6 27. Bc1
Red8 28. Be3 Qa4 29. Qb3 Qc6 30. Kf2 e5 31. Rdd2 exd4 32. Bxd4 Rd6 33. Be3
Rxd2+ 34. Rxd2 Nd7 35. Rd5 Kh8 36. Qd3 Nf6 37. Rd8+ Rxd8 38. Qxd8+ Kh7 39. Qd3+
g6 40. Qb3 Nd7 41. c5 Ne5 42. Bd4 f6 43. Bxe5 fxe5 44. Qxb6 Qd5 45. c6 Qd2+ 46.
Kg1 Qd1+ 47. Kg2 Qc2+ 48. Kg1 Qd1+ 49. Kg2 Qc2+ 1/2-1/2

[Event "12. Longericher Sommer-Open A"]
[Site "Köln"]
[Date "2015.08.02"]
[Round "5.22"]
[White "Maczkowiak, Thomas"]
[Black "Spindler, Florian"]
[Result "0-1"]
[WhiteElo "1942"]
[BlackElo "1771"]
[PlyCount "148"]
[EventDate "2015.??.??"]
[WhiteTeam "MS Halver-Schalksmühle"]
[BlackTeam "SG Porz"]

1. Nf3 Nf6 2. g3 d5 3. Bg2 Bf5 4. c4 e6 5. O-O Be7 6. b3 O-O 7. Bb2 Nc6 8. d3
Qd6 9. Ba3 Qd7 10. Bb2 Rad8 11. Nh4 Bg4 12. Nd2 d4 13. Re1 e5 14. Nhf3 Rfe8 15.
a3 a5 16. Qc2 Bc5 17. Ng5 b6 18. Nge4 Nxe4 19. Nxe4 Be7 20. f3 Bh5 21. Bc1 f5
22. Nf2 Bf6 23. Bd2 Qd6 24. Rf1 Bg6 25. Ra2 Kh8 26. Rc1 Be7 27. Rf1 Bf7 28.
Raa1 Rg8 29. Kh1 Rdf8 30. Qc1 Rb8 31. g4 g6 32. Bg5 f4 33. Ne4 Qd8 34. Bxe7
Nxe7 35. b4 g5 36. Kg1 h6 37. Kf2 Bg6 38. h3 Bxe4 39. fxe4 axb4 40. axb4 Ra8
41. Qb2 Qd7 42. Bf3 Qc6 43. b5 Qc5 44. Rxa8 Rxa8 45. Ra1 Ra5 46. Rxa5 bxa5 47.
Qb3 Nc8 48. Qa4 Qb4 49. Qxb4 axb4 50. Ke1 Nb6 51. Kd1 b3 52. c5 Na4 53. c6 Kg7
54. Kc1 Kf7 55. b6 Nxb6 56. Kb2 Ke6 57. Kxb3 Kd6 58. Kb4 Kxc6 59. Bg2 Nc8 60.
Bf3 Nd6 61. Bg2 Kb6 62. Bf3 c5+ 63. Ka4 Nb5 64. Kb3 Nc3 65. Ka3 Ka5 66. Kb3 Kb5
67. Kb2 Kb4 68. Kc2 Ka3 69. Kc1 Kb3 70. Kd2 Kb2 71. Bg2 Nb1+ 72. Kd1 Kc3 73.
Bf3 Na3 74. Bg2 c4 0-1

[Event "12. Longericher Sommer-Open A"]
[Site "Köln"]
[Date "2015.08.02"]
[Round "5.23"]
[White "Karwatzki, Hans-Jürgen"]
[Black "Kemper, Michael"]
[Result "0-1"]
[WhiteElo "1689"]
[BlackElo "1858"]
[PlyCount "20"]
[EventDate "2015.??.??"]
[WhiteTeam "SF Stadtverwaltung Bonn"]
[BlackTeam "SV Bayer Dormagen"]

1. e4 c5 2. c3 d5 3. e5 Bf5 4. d4 Nc6 5. Na3 e6 6. Nf3 Qb6 7. Qb3 h6 8. Be2 c4
9. Qxb6 axb6 10. Nc2 Bxc2 0-1

[Event "12. Longericher Sommer-Open A"]
[Site "Köln"]
[Date "2015.08.02"]
[Round "5.24"]
[White "Gnass, Arno"]
[Black "Runte, Dirk"]
[Result "1-0"]
[WhiteElo "1798"]
[BlackElo "1721"]
[PlyCount "53"]
[EventDate "2015.??.??"]
[WhiteTeam "Bergische SF"]
[BlackTeam "Fideler Bauer Leverkusen"]

1. d4 Nf6 2. Nf3 e6 3. e3 b6 4. b3 Bb4+ 5. c3 Be7 6. Bb2 Bb7 7. Nbd2 d5 8. Bd3
Nbd7 9. O-O Ne4 10. Qc2 f5 11. c4 Nxd2 12. Nxd2 O-O 13. cxd5 Bxd5 14. e4 fxe4
15. Nxe4 h6 16. Nc3 Nf6 17. Rfe1 Bd6 18. Qe2 h5 19. h3 Ng4 20. Nxd5 Rxf2 21.
Qxe6+ Kh8 22. Qg6 Kg8 23. Qh7+ Kf8 24. Qh8+ Kf7 25. Qxh5+ Kg8 26. Qh7+ Kf8 27.
hxg4 1-0

[Event "12. Longericher Sommer-Open A"]
[Site "Köln"]
[Date "2015.08.02"]
[Round "5.25"]
[White "Köllner, Ruben Gideon"]
[Black "Meyer, Stefan"]
[Result "0-1"]
[WhiteElo "1681"]
[BlackElo "1782"]
[PlyCount "42"]
[EventDate "2015.??.??"]
[WhiteTeam "SV Bergneustadt/Derschlag"]
[BlackTeam "SV Grevenbroich"]

1. d4 Nf6 2. Nf3 e6 3. e3 Nc6 4. c4 Bb4+ 5. Nc3 Ne4 6. Bd2 Nxd2 7. Qxd2 O-O 8.
Bd3 Re8 9. h3 Be7 10. O-O d6 11. Qc2 h6 12. b4 a6 13. Qb3 Bf6 14. Rad1 e5 15.
dxe5 Nxe5 16. Nxe5 Bxe5 17. c5 Be6 18. Bc4 Bh2+ 19. Kxh2 Qh4 20. Kg1 Bxc4 21.
Rd4 Qxd4 0-1

[Event "12. Longericher Sommer-Open A"]
[Site "Köln"]
[Date "2015.08.02"]
[Round "5.26"]
[White "Schumacher, Markus"]
[Black "Ringeltaube, Denny"]
[Result "0-1"]
[WhiteElo "1719"]
[BlackElo "1733"]
[PlyCount "132"]
[EventDate "2015.??.??"]
[WhiteTeam "Godesberger SK"]
[BlackTeam "Klub Kölner SF"]

1. e4 c5 2. Nc3 e6 3. g3 Nc6 4. Bg2 g6 5. d3 Bg7 6. f4 Nge7 7. Nf3 O-O 8. O-O
d5 9. Qe1 Rb8 10. Rb1 b5 11. Ne2 Nb4 12. g4 dxe4 13. dxe4 Nxc2 14. Qg3 Qb6 15.
h4 c4+ 16. Kh1 Ne3 17. Rf2 Nxg2 18. Rxg2 Bb7 19. Bd2 Bxe4 20. Rbg1 Rfd8 21. Bc3
Rd3 22. Rf1 Bxc3 23. Nxc3 Bxf3 24. Rxf3 Rbd8 25. Ne4 Rxf3 26. Qxf3 Rd3 27. Nf6+
Kg7 28. Nh5+ Kf8 29. Qa8+ Rd8 30. Qe4 Qd4 31. Qxd4 Rxd4 32. Nf6 Ng8 33. Nxh7+
Kg7 34. Ng5 Rxf4 35. h5 gxh5 36. gxh5 Kh6 37. Nxf7+ Rxf7 38. Rxg8 Kxh5 39. Re8
Rf6 40. Re7 a6 41. Kg2 Kg4 42. Rg7+ Kf4 43. Kf2 Ke4+ 44. Ke2 e5 45. Rg3 Kd4 46.
Rg8 Re6 47. Rg4+ e4 48. Rg8 Re5 49. Rd8+ Rd5 50. Re8 b4 51. Rc8 a5 52. b3 c3
53. Rc4+ Ke5 54. Rc8 Rd2+ 55. Ke3 Rxa2 56. Re8+ Kd6 57. Rxe4 Rb2 58. Rh4 Rxb3
59. Rh6+ Ke7 60. Rh7+ Kf6 61. Rh6+ Kg5 62. Ra6 Ra3 63. Rc6 c2+ 64. Kd2 b3 65.
Kc1 Ra1+ 66. Kb2 Rb1+ 0-1

[Event "12. Longericher Sommer-Open A"]
[Site "Köln"]
[Date "2015.08.02"]
[Round "5.27"]
[White "Hansel, Rainer"]
[Black "Thierkopf, Guido"]
[Result "1-0"]
[WhiteElo "1925"]
[BlackElo "1764"]
[PlyCount "59"]
[EventDate "2015.??.??"]
[WhiteTeam "SF Köln-Longerich"]
[BlackTeam "Brühler SK"]

1. e4 d5 2. Nc3 dxe4 3. Nxe4 Bf5 4. Ng3 Bg6 5. h4 h6 6. Nf3 Nf6 7. Ne5 Bh7 8.
Qf3 Qd5 9. Qc3 Nbd7 10. Nxd7 Qxd7 11. Bc4 e6 12. d3 Be7 13. Bf4 O-O 14. Ne2 Qc6
15. Nd4 Qxg2 16. O-O-O Nd5 17. Qd2 Nxf4 18. Rdg1 Qxh1 19. Rxh1 Nd5 20. Qe2 Nf4
21. Qg4 e5 22. Re1 Bf6 23. Nf3 Rae8 24. d4 Ng6 25. h5 Ne7 26. dxe5 Bf5 27. Qg3
Bg5+ 28. Nxg5 hxg5 29. Qxg5 Kh8 30. h6 1-0